=LDR 00000nam 2200000 4500 =001 INLIS000000000030408 =005 20130612132544 =008 ***********************************ind** =035 ##$$0010-061300000030408 =041 ##$$a ind =082 ##$$a 651.56 =090 ##$$a 651.56, MAR p =100 ##$$a Martono, Boedi =245 ##$$a Penataan berkas dalam manajemen kearsipan, Boedi Martono =260 ##$$a 1992 $b Jakarta =300 ##$$a 116 hlm., 21 cm =650 ##$$a Arsip dan Kearsipan =650 ##$$a Manajemen =850 ##$$a NBPNMAT